Missing Word: Two Kates Quiz Stats

 Plays Quiz Updated Nov 27, 2017

Challenge
Share
Tweet
Embed
Score 0/20 Timer 03:00
0 Plays Today
Hint Missing Word % Correct
Kate BeckinsaleNothing
96.5%
Kate HudsonBest
96.3%
Kate HudsonLose
93.8%
Kate BeckinsaleVan
89.9%
Kate HudsonYou
89.9%
Kate BeckinsaleRecall
84.2%
Kate BeckinsaleHarbor
83.1%
Kate HudsonGold
81.8%
Kate BeckinsaleAngel
80.7%
Kate HudsonFamous
80.1%
Hint Missing Word % Correct
Kate HudsonSomething
74.3%
Kate HudsonKey
71.6%
Kate HudsonHorizon
51.7%
Kate HudsonFour
39.8%
Kate BeckinsaleUnderworld
39.5%
Kate BeckinsaleTruth
33.4%
Kate HudsonDay
27.7%
Kate BeckinsalePalace
26.9%
Kate BeckinsaleBowl
6%
Kate BeckinsaleAbsolutely
5.5%

Today's Daily Dose

Missing Word
No Snow!

Word Ladder
Wild Cats

On This Day
December 16th II

You're not logged in!

Compare scores with friends on all Sporcle quizzes.
OR
Log In

You Might Also Like...

Show Comments

Extras

Top Quizzes Today


Score Distribution

Your Account Isn't Verified!

In order to create a playlist on Sporcle, you need to verify the email address you used during registration. Go to your Sporcle Settings to finish the process.

Report this User

Report this user for behavior that violates our Community Guidelines.

Details: